LEADER 04127nam 2200613 450 001 9910466808903321 005 20200124093336.0 010 $a2-511-03140-X 035 $a(CKB)3790000000018365 035 $a(EBL)2085188 035 $a(SSID)ssj0001517386 035 $a(PQKBManifestationID)12496911 035 $a(PQKBTitleCode)TC0001517386 035 $a(PQKBWorkID)11504629 035 $a(PQKB)10613510 035 $a(MiAaPQ)EBC2085188 035 $a(PPN)249698072 035 $a(Au-PeEL)EBL2085188 035 $a(OCoLC)914152057 035 $a(EXLCZ)993790000000018365 100 $a20200124d2015 uy 0 101 0 $afre 135 $aur|n|---||||| 181 $ctxt 182 $cc 183 $acr 200 13$aLa fin de la Flandre belge /$fCe?line Pre?aux 210 1$aWaterloo :$cAvant-Propos,$d[2015] 210 4$d©2015 215 $a1 online resource (492 p.) 300 $aDescription based upon print version of record. 311 $a2-930627-17-4 320 $aIncludes bibliographical references (pages 249-259). 327 $aCouverture; Page de titre; LISTE DES ABRE?VIATIONS; REMERCIEMENTS; INTRODUCTION; PARTIE I : GRANDEUR ET DE?CADENCE DES E?LITES; PROLOGUE; CHAPITRE I : L'IMPLANTATION DES E?LITES FRANCOPHONES; DES E?LITES HE?GE?MONIQUES; LA SE?GRE?GATION DES E?LITES; UN SENTIMENT MAJORITAIRE; LA FLANDRE PARALYSE?E PAR UN PUISSANT COMPLEXE D'INFE?RIORITE?; CHAPITRE II : POUR LA RECONNAISSANCE DES DEUX « RACES » BELGES; LA MARMITE BOUT; LE COUVERCLE SAUTE; CHAPITRE III : VERS L'UNILINGUISATION; L'INE?GALITE? DE LA GESELLSCHAFT; LE BLOCAGE DE LA GEMEINSCHAFT; UNE GEMEINSCHAFT DE?FINIE PAR LA LANGUE 327 $aLA GEMEINSCHAFT SUR LA VOIE DE L'UNILINGUISATIONCHAPITRE IV : LE DE?CLIN DES FRANCOPHONES; DES E?LITES CIRCULANTES; L'?UF ET LA POULE; LA MINORISATION DES FRANCOPHONES DE FLANDRE; PARTIE II : DES IDENTITE?S EN PERDITION; PROLOGUE; CHAPITRE I : LES E?LITES SUR LE BANC DES ACCUSE?S; LE DE?BAT LINGUISTIQUE A? ANVERS; LE DIAGNOSTIC DU PROBLE?ME LINGUISTIQUE; POUR UNE GESELLSCHAFT MEILLEURE; CHAPITRE II : VARIATIONS SUR LA NATION; UNE GEMEINSCHAFT MODERNE DOTE?E DE SES PROPRES E?LITES; UNE RE?GION UNILINGUE; LA CRISTALLISATION DES DE?BATS IDENTITAIRES; CHAPITRE III : LES E?LITES AU PRE?TOIRE 327 $aLA PRESSE FRANCOPHONE D'ANVERS : UN MUTISME PARLANTLES ORIGINES DU CONFLIT LINGUISTIQUE; CHAPITRE IV : LA GEMEINSCHAFT A? LA DE?RIVE; UNE GEMEINSCHAFT TOTALITAIRE; UNE GEMEINSCHAFT EXCLUSIVE; UNE GEMEINSCHAFT OPPRIMANTE; LES FRANCOPHONES DE FLANDRE ABANDONNE?S; CHAPITRE V : LES E?LITES AU SECOURS DE LA PATRIE; LA FIN DE LA BELGIQUE; CONCLUSION; BIBLIOGRAPHIE; ARCHIVES; SOURCES IMPRIME?ES; PRINCIPAUX OUVRAGES ET ARTICLES; ANNEXES; NOTICES BIOGRAPHIQUES DES PERSONNAGES CITE?S; NE?ERLANDOPHONES D'ANVERS; FRANCOPHONES D'ANVERS; CHRONOLOGIE; RECENSEMENTS LINGUISTIQUES; NOTES; Copyright 330 $aNombreux sont aujourd'hui les Belges qui s'interrogent sur le futur de leur paysAlors que la Belgique est traverse?e par la plus longue crise de son histoire, d'aucuns se demandent s'il existe une porte de sortie a? ce qui semble e?tre un n?ud gordien. Dans ce cadre, les experts se relaient pour tenter de remonter aux origines de la crise actuelle et d'e?clairer le public sur les causes du malaise communautaire. Mais, si les relations entre Flamands et Wallons sont passe?es au crible de l'analyse, il est une partie de la population belge qui est entie?rement laisse?e dans l'ombre : les francophones d 606 $aMinorities$zBelgium$zFlanders 606 $aMinorities 607 $aFlanders (Belgium)$xHistory$y20th century 607 $aFlanders (Belgium)$xLanguages$xPolitical aspects 607 $aBelgium$zFlanders 608 $aElectronic books. 615 0$aMinorities 615 0$aMinorities. 676 $a330.9493 700 $aPre?aux$b Ce?line$0971158 801 0$bMiAaPQ 801 1$bMiAaPQ 801 2$bMiAaPQ 906 $aBOOK 912 $a9910466808903321 996 $aLa fin de la Flandre belge$92207658 997 $aUNINA LEADER 01619oam 2200397M 450 001 9910716234903321 005 20200213070520.3 035 $a(CKB)5470000002519778 035 $a(OCoLC)1065806638 035 $a(OCoLC)995470000002519778 035 $a(EXLCZ)995470000002519778 100 $a20071213d1926 ua 0 101 0 $aeng 135 $aurcn||||||||| 181 $ctxt$2rdacontent 182 $cc$2rdamedia 183 $acr$2rdacarrier 200 10$aTo readjust the commissioned personnel of the Coast Guard. April 28, 1926. -- Committed to the Committee of the Whole House on the State of the Union and ordered to be printed 210 1$a[Washington, D.C.] :$c[U.S. Government Printing Office],$d1926. 215 $a1 online resource (2 pages) 225 1 $aHouse report / 69th Congress, 1st session. House ;$vno. 1022 225 1 $a[United States congressional serial set ] ;$v[serial no. 8533] 300 $aBatch processed record: Metadata reviewed, not verified. Some fields updated by batch processes. 300 $aFDLP item number not assigned. 606 $aMilitary reorganization 608 $aLegislative materials.$2lcgft 615 0$aMilitary reorganization. 701 $aHoch$b Homer$f1879-1949$pRepublican (KS)$01386836 801 0$bWYU 801 1$bWYU 801 2$bOCLCO 801 2$bOCLCQ 906 $aBOOK 912 $a9910716234903321 996 $aTo readjust the commissioned personnel of the Coast Guard. April 28, 1926. -- Committed to the Committee of the Whole House on the State of the Union and ordered to be printed$93482467 997 $aUNINA